Hijos con fracaso escolar

Uloženo v:
Podrobná bibliografie
Hlavní autor: Asensio Aguilera, Josep María (Autor)
Médium: Kniha
Jazyk:španělština
Vydáno: Barcelona Grupo Ceac 1994
Edice:Libros Cúpula-Respuestas
Témata:
Tagy: Přidat tag
Žádné tagy, Buďte první, kdo vytvoří štítek k tomuto záznamu!

MARC

LEADER 00000nam a2200000 a 4500
001 UCZ1286
003 CL-VaPUC
008 950817e19940000SP |||||||||||||||||spa|d
082 0 4 |a 371.28  |b ASE  |2 21 
100 |a Asensio Aguilera, Josep María  |e author  |9 553859 
245 1 0 |a Hijos con fracaso escolar 
300 |a 117 p 
942 |c BK 
945 |d 19950817 00:00:00  |a rbrito 
260 |a Barcelona  |b Grupo Ceac  |c 1994 
650 7 |a FRACASO ESCOLAR  |2 CL-VaPUC  |9 308828 
650 7 |a RELACIONES PADRES-HIJOS  |2 CL-VaPUC  |9 308185 
650 0 |a Psicología del aprendizaje  |9 306854 
650 7 |a RENDIMIENTO DE LA EDUCACION  |2 CL-VaPUC  |9 344821 
583 |a last modification  |c 19950817 00:00:00  |k Rodrigo Vera 
490 0 |a Libros Cúpula-Respuestas 
999 |c 238055  |d 238053 
952 |0 0  |1 0  |4 0  |6 371_280000000000000_ASE_1994  |7 0  |8 A  |9 248040  |a BIBEDU  |b BIBEDU  |d 2019-11-18  |i 3121321  |o 371.28 ASE 1994  |p 3121321  |r 2019-11-18  |w 2019-11-18  |y BK  |k EDU